Delhi and its neighbourhood / (Record no. 178408)

MARC details
000 -LEADER
fixed length control field 00664nam a22001937a 4500
005 - DATE AND TIME OF LATEST TRANSACTION
control field 20210405124759.0
010 ## - LCCN (DPL NO)
LC control number B-738725
020 ## - INTERNATIONAL STANDARD BOOK NUMBER
International Standard Book Number 9789350864494
Terms of availability 60.00
035 ## - SYSTEM CONTROL NUMBER
System control number B-738725
037 ## - SOURCE OF ACQUISITION
Source of stock number/acquisition Gift
082 ## - DEWEY DECIMAL CLASSIFICATION NUMBER
Classification number 954.16
100 ## - MAIN ENTRY--PERSONAL NAME
Personal name Sharma, Y.D.
245 ## - TITLE STATEMENT
Title Delhi and its neighbourhood /
Statement of responsibility, etc by Y. D. Sharma
260 ## - PUBLICATION, DISTRIBUTION, ETC. (IMPRINT)
Place of publication, distribution, etc New Delhi
Name of publisher, distributor, etc Archaeological Survey of India
Date of publication, distribution, etc 2015
270 ## - ADDRESS
Address Director General, Archaeological Survey of India, Govt. of India
City New Delhi
300 ## - PHYSICAL DESCRIPTION
Extent 164p.:
Other physical details ill.,maps.
Dimensions 22cm(pbk)
942 ## - ADDED ENTRY ELEMENTS (KOHA)
Source of classification or shelving scheme Dewey Decimal Classification
Item type English Books
Call number suffix SHA
Classification part 954.16
Holdings
Withdrawn status Lost status Not for loan Collection code Home library Current library Date acquired Source of acquisition Cost, normal purchase price Full call number Barcode Copy number Cost, replacement price Koha item type
      Non-fiction Central Library Central Library 05/04/2021 Gift/Eng/26-02-2021 60.00 954.16 SHA B-738725 1 60.00 English Books

© Delhi Public Library
Hit Counter
free hit counter